The prison-house of language : a critical account of structuralism and Russian formalism = La casa-prisión del lenguaje; una descripción crítica del estructuralismo y el formalismo ruso /
Shranjeno v:
| Glavni avtor: | |
|---|---|
| Format: | Neznan |
| Jezik: | English |
| Izdano: |
Princeton, New Jersey :
Princeton University Press,
1972.
|
| Teme: | |
| Oznake: |
Označite
Brez oznak, prvi označite!
|
MARC
| LEADER | 000000000a22000000004500 | ||
|---|---|---|---|
| 001 | 015191 | ||
| 020 | |a 069106220X | ||
| 041 | 0 | |a eng | |
| 082 | 0 | 4 | |a 415 |b J31p |
| 100 | 1 | |a Jameson, Fredric | |
| 245 | 1 | 4 | |a The prison-house of language : |b a critical account of structuralism and Russian formalism = La casa-prisión del lenguaje; una descripción crítica del estructuralismo y el formalismo ruso / |c Fredric Jameson. |
| 246 | 3 | 1 | |a La casa-prisión del lenguaje: una descripción crítica del estructuralismo y el formalismo ruso |
| 260 | 1 | |a Princeton, New Jersey : |b Princeton University Press, |c 1972. | |
| 300 | |a 230 páginas | ||
| 650 | 4 | |a LINGUISTICA ESTRUCTURAL | |
| 500 | |a Colección George Yúdice | ||
| 999 | |c 21049 |d 21049 | ||
| 942 | |c BK |h 415 J31p |2 z | ||



